Statistics for Particle Physics

Click here to take the quiz!

General Stats

  • This quiz has been taken 925 times
    (919 since last reset)
  • The average score is 10 of 14

Answer Stats

HintAnswer% Correct
Least massive, most stable charged leptonElectron
95%
Particle made up of 2 down quarks, one up quarkNeutron
94%
Particle made up of 2 up quarks, one down quarkProton
93%
Particle that carries the electromagnetic forcePhoton
76%
Stable lepton with opposite charge from electronPositron
75%
Particle that carries the gravitational forceGraviton
74%
Lepton with no electric charge and very little massNeutrino
72%
Boson with no spin, electric charge, or colour charge and provides the mechanism for other particles to obtain massHiggs Boson
70%
Particle that carries the strong nuclear forceGluon
64%
More massive charged leptonMuon
62%
Most massive charged leptonTau
53%
Composite particle made of 1 quark and 1 antiquarkMeson
52%
Name for types of particles made up of 3 quarksBaryon
51%
Particles that carry the weak nuclear forceW Boson and Z Boson
47%

Score Distribution

Percentile by Number Answered

Percent of People with Each Score

Your Score History

You have not taken this quiz since the last reset